Phylogeny and classification of birds (Registro nro. 5200)

Detalles MARC
000 -CABECERA
Campo de control 01024nam a2200277 a 4500
005 - FECHA Y HORA DE LA ULTIMA TRANSACCION
Campo de control 20160105031832.0
008 - ELEMENTOS DE LONGITUD FIJA—INFORMACION GENERAL
Campo de control 140318b1990 xxuad | |||| 00| 0 eng d
020 ## - ISBN
ISBN 0300040857 (alk. paper)
040 ## - FUENTE DE CATALOGACIÓN
Agencia catalogadora original CO-BoIAVH
Agencia transcriptora CO-BoIAVH
041 ## - IDIOMA
Código de idioma para texto/pista de sonido o título separado Inglés
044 ## - PAÍS DE PUBLICACIÓN
País de publicación Estados Unidos
082 04 - NUMERO DE CLASIFICACION DECIMAL DEWEY
Número de clasificación 572.83818
Número del ítem S56p
100 1# - ASIENTO PRINCIPAL--NOMBRE PERSONAL
Nombre personal Sibley, Charles Gald
Fechas asociadas con el nombre 1917-
Término relacionado autor
9 (RLIN) 45881
245 10 - MENCION DE TITULO
Título Phylogeny and classification of birds
Parte restante del título a study in molecular evolution
Mención de responsabilidad Charles G. Sibley and Jon E. Ahlquist.
260 ## - PUBLICACION, DISTRIBUCION, ETC. (PIE DE IMPRENTA)
Lugar de publicación, distribución, etc. New Haven
Nombre del editor, distribuidor, etc. Yale University Press
Fecha de publicación, distribución, etc. c1990
300 ## - DESCRIPCION FISICA
Extensión xxiii, 976 páginas
Otros detalles físicos ilustraciones y gráficas
Dimensiones 25 cm.
504 ## - NOTA DE BIBLIOGRAFIA, ETC.
Nota de bibliografía Incluye referencias bibliográficas e índice.
505 0# - NOTA DE CONTENIDO
Nota de contenido Parte 1.: Introduction. -- Parte 2.: Accounts of the groups of birds.
650 14 - ASIENTO SECUNDARIO DE MATERIA - TERMINO TEMATICO
Término temático o nombre geográfico como elemento de entrada Aves
Subdivisión general Evolución molecular
9 (RLIN) 45882
650 24 - ASIENTO SECUNDARIO DE MATERIA - TERMINO TEMATICO
Término temático o nombre geográfico como elemento de entrada Aves
Subdivisión general Clasificación
9 (RLIN) 45883
650 24 - ASIENTO SECUNDARIO DE MATERIA - TERMINO TEMATICO
Término temático o nombre geográfico como elemento de entrada Filogenia
9 (RLIN) 45884
650 24 - ASIENTO SECUNDARIO DE MATERIA - TERMINO TEMATICO
Término temático o nombre geográfico como elemento de entrada Origen de las especies
9 (RLIN) 45873
700 1# - ASIENTO SECUNDARIO - NOMBRE PERSONAL
Nombre personal Ahlquist, Jon E.
Término de relación autor
9 (RLIN) 22718
942 ## - ELEMENTOS ADICIONALES (KOHA)
Tipo de ítem Libro
Sistema de clasificación Dewey Decimal Classification
945 ## - PROCESAMIENTO LOCAL
AAAA-MM-DD - Fecha de ingreso o modificacion 2006-02-03
Existencias
Withdrawn status Lost status Sistema de Clasificación Damaged status No para préstamo Colección Inventariado Ubicación Permanente Ubicación actual Fecha de adquisición Fuente de Valor Valor Total Checkouts Número topográfico Inventario / Código de Barras Date last seen Ejemplar Price effective from Forma de adquisición Tipo de material
    Dewey Decimal Classification     General Inventariado 2017 Bogotá Bogotá 03/02/2006 Instituto 39000.00   LB-572.83818 S56 022945 04/12/2012 Ej. 1 04/12/2012 Compra Libro